LE XVIe siècle - Statistiques

Statistiques générales
  • Ce quiz a été pris 88 fois
  • Le résultat moyen est 14 sur 31
Statistiques - réponses
Hint Réponse % Correct
Bataille de Marignan, grande victoire française 1515
90%
Péninsule européenne étant la première a initier l'exploration et la colonisation du Nouveau-Monde Péninsule ibérique
80%
Ce roi habsbourgeois devient empereur du Saint Empire en 1519 Charles Quint
77%
Edit publié en 1598 mettant fin aux conflits entre catholiques et protestants en France Edit de Nantes
75%
Professeur allemand à l'origine de la Réforme Protestante et auteur des 95 thèses Luther
71%
Massacre en Août 1572 durant le mariage de Marguerite de Valois et Henri de Bourbon Massacre de la Saint Barthélémy
71%
Astronome polonais qui démontre que la Terre tourne autour du Soleil en 1543 Nicolas Copernic
67%
Autre famille du protestantisme nommée après Jean Calvin qui s'est répandu principalement en France, Suisse et Belgique Calvinisme
62%
Branche anglaise de la chrétienté crée par ce roi, supprimer puis rétablit par Elizabeth Ière Anglicanisme
61%
Assassin d'Henri IV en 1610 François Ravaillac
59%
Religion d'Henri IV avant de l'abjurer lors de sa conversion en 1593 Protestantisme
59%
Promulgation de cette ordonnance en 1539 qui impose l'usage de la langue française dans les actes administratifs Ordonnance de Villers-Cotterêts
54%
Roi majeur d'Angleterre de 1509 à 1547 qui est notamment connu pour sa rupture avec l'Eglise catholique et ses épouses décapitées Henry VIII
52%
Après la défaite française de Pavie (1525), le conflit prend une dimension européenne symbolisée par la rivalité entre Charles Quint et ce roi de France François Ier
51%
Année de la mort d'Henri III et avènement d'Henri IV 1589
49%
Roi français qui déclenche les premiers conflits en 1494 Charles VIII
48%
Fils de Charles Quint, dès 1555 il devient roi d'Espagne, des Pays-Bas et, de Naples et de Sicile Philippe II
48%
Guerres de la première moitié du XVIe avec comme belligérant la France, Autriche, Espagne, Etats italiens et le Pape Guerres d'Italie
43%
Année de l'Union de la Couronne d'Espagne et du Portugal à la suite de la mort d'Anne d'Autriche 1580
38%
Oeuvre majeur de Montaigne traitant de réflexions sur l'Homme et sur sa propre vie Essais
33%
Guerres advenant en France, conséquence de la diffusion du protestantisme Guerres de religions
33%
Concile organisé par l'Eglise entre 1545 et 1562 en réponse à la Réforme Concile de Trente
32%
Echec de cette grande flotte espagnole en 1588 dans la Manche Invincible Armada
30%
Surnom qu'obtient Marie Tudor en rapport aux fortes répréssions qu'elle mène contre les protestants Bloody Mary
29%
Fermeture de ce port ibérique en 1588 forçant les Provinces-Unies à développer leurs propres routes maritimes Port de Lisbonne
17%
Famille du protestantisme qui critique le pouvoir du Pape, le système d'indulgence et la malformation des prêtres, et prône la prédestination Luthérianisme
14%
Année de la création de la Compagnie néerlandaise des Indes Orientales 1602
13%
Fondation de Québec en 1608 par cet explorateur français Samuel de Champlain
13%
Nom de l'alliance donnant naissance en 1579 aux Provinces-Unies, majoritairement protestante, afin de se détacher du joug catholique du roi d'Espagne Union d'Utrecht
4%
Texte fondateur de cette religion qui place le souverain d'Angleterre comme au-dessus de tout, même dans le domaine religieux Act of Supremacy
3%
Ce même roi crée en 1546 ce conseil de la marine qui se transformera en Royal Navy, principal facteur de la domination anglaise des mers durant les siècles suivant Navy Board
3%
Aucun quiz correspondant
Distribution des résultats
% des personnes avec chaque résultat
Percentile par nombre de réponses
Votre historique - résultats
Vous n’avez pas pris ce quiz